00725cam a22002291 4500001001300000003000400013005001700017008004100034010001700075035002000092040006900112042001200181050001700193110004100210245007500251260002300326300001800349650005100367700003400418740002600452999001700478hew59000044 DLC20260227111509.0860508s1958 dcu b f000 0 eng c ahew59000044  a(OCoLC)13543192 aU.S. Dept. of Health, Education, and Welfare. LibrarycDNIEdDLC apremarc00aZ5814.T7bU51 aUnited States.bOffice of Education.10aSelected references on pupil transportation,cby E. Glenn Featherston. aWashington,c1958. a17 p.c27 cm. 0aSchool childrenxTransportationvBibliography.1 aFeatherston, E. Glenn,d1900-0 aPupil transportation. c34199d34199